| 000 | 01504nam0a22004451 4500 | ||
|---|---|---|---|
| 001 | RU\NLR\A1SV\26295 | ||
| 005 | 20251203171251.9 | ||
| 035 | _a(NLR Aleph) 009710619 | ||
| 090 |
_a9831471 _c9831471 |
||
| 100 | _a20010305d1924 u y0rusy50 ca | ||
| 101 | 1 |
_arus _ceng |
|
| 102 | _aRU | ||
| 200 | 1 |
_aПсихоанализ в школе _fGeorge N. Green _gПер. А.В.Нахимовой-Молоденковой _eС предисл. проф. Ив.Ермакова |
|
| 210 |
_aМ. _cГос. изд. _d1924 |
||
| 215 |
_aVI, [2], 157 с. _d23 см |
||
| 225 |
_aПсихол. и психоаналит. б-ка _fПод ред. проф. И.Д.Ермакова _vВып.18 |
||
| 300 | _aДата указана на корешке | ||
| 320 | _aБиблиогр.: с.154-157 | ||
| 620 | _dМосква | ||
| 700 | 1 |
_6z01790 _aГрин _bД.Г. _f1881- _gДжордж Генри _4070 |
|
| 702 | 1 |
_aНахимова-Молоденкова _bА.В. _4070 |
|
| 702 | 1 |
_aЕрмаков _bИ.Д. _f1875-1942 _gИван Дмитриевич _4070 |
|
| 790 | 1 |
_6z01700 _aGreen _bG.N. _gGeorge N. _4070 |
|
| 801 | 0 |
_aRU _bNLR _c20010305 |
|
| 852 |
_aNLR _j17.157.2.33-18 |
||
| 852 |
_aNLR _j91-7/938 |
||
| 852 |
_aNLR _jМф К1/17165 |
||
| 899 | _aКирОУНБ | ||
| 899 | _aSLK | ||
| 899 | _aБАН | ||
| 899 | _aРГБ | ||
| 899 | _aРКП | ||
| 899 | _aNLG | ||
| 899 | _aНБЛ КГУ | ||
| 899 | _aСПбГУ | ||
| 899 | _aLitNB | ||
| 942 | _cBOOK | ||
| 980 | _aNB | ||
| 980 | _aA1SV | ||